000 01434nam a2200325 i 4500
001 bg
003 BPK
005 20251126131349.0
008 070406s2006 pl a f f |000 0 pol
015 _aPB 2007/10237
040 _aWA N
_cBPK
041 0 _apol
_beng
080 _a543.544
080 _a(075.8)
100 1 _aZarzycki, Paweł K.
_d{1966- )
_eAutor
245 1 0 _aWybrane elementy teorii i praktyki chromatografii cieczowej /
_cPaweł K. Zarzycki.
260 _aKoszalin :
_bWydawnictwo Uczelniane Politechniki Koszalińskiej,
_c2006.
300 _a100 s. :
_bil. (w tym kolor.) ;
_c24 cm.
490 1 _aMonografia Wydziału Budownictwa i Inżynierii Środowiska / Politechnika Koszalińska.
500 _aISSN 0239-7129 oraz nr 126 odnosi się do pierwotnego tyt. serii: Monografie / Wyższa Szkoła Inżynierska w Koszalinie.
504 _aBibliogr. s. 96-99.
546 _aStreszcz. ang.
650 4 _aChromatografia cieczowa
655 4 _aPodręczniki akademickie
710 2 _aWydawnictwo Uczelniane (Politechnika Koszalińska)
_4pbl.
830 0 _aMonografia Wydziału Budownictwa i Inżynierii Środowiska - Politechnika Koszalińska
856 _uhttp://koha.tu.koszalin.pl/cgi-bin/koha/opac-detail.pl?biblionumber=52638
_yKatalog online BPK
856 _uhttps://dlibra.tu.koszalin.pl/dlibra/publication/2087/edition/2077
_yBiblioteka Cyfrowa
942 _2UKD
_cKS
999 _c52638
_d52638